000 00624nam a22001937a 4500
999 _c169500
_d169500
005 20191121161759.0
010 _aUR-10600
020 _c240.00
_a9789389358018
035 _aU-9155
037 _bDBAD/PUB
_a-
082 _a844
100 _aا نيس چشتی
245 _aمضا مين عکس عکس
_cا نيس چشتی
246 _bMazameen Aks Aks (Urdu)
_abyAnees Chishti
260 _aDelhi
_bEducational Publishing House
_c2019 ء
270 _a3191,Vakil Street, Kucha Pandit,Lal Kuan,
_bDelhi
_e110006
_k01123216162
_l-
300 _a236 ص
_c22 Cm(Hb)
942 _2ddc
_cUR
_h844
_mچ ش ت